000 00265nam a2200109Ia 4500
008 190216s9999||||xx |||||||||||||| ||und||
100 _aBrijilal And Subrahmanyam N
245 0 _aHeat And Thermo Dynamics
260 _bS Chand & Co
650 _aPhysics
942 _cBK
999 _c33028
_d33028